000
00200 a2200097 4500
001
45470
100
_a
Fontana
245
_a
Classroom control
260
_a
London
_b
Methuen
_c
090
_c
28632
_d
28632
942
_a
NUST-CAE
_c
M
_c
20705
999
_c
280543
_d
280543